The commercial timbers of Tanzania / (Record no. 32110)

MARC details
000 -LEADER
fixed length control field 01150cam a2200349 a 4500
001 - CONTROL NUMBER
control field 12753189
003 - CONTROL NUMBER IDENTIFIER
control field OSt
005 - DATE AND TIME OF LATEST TRANSACTION
control field 20220304143004.0
008 - FIXED-LENGTH DATA ELEMENTS--GENERAL INFORMATION
fixed length control field 020215s1999 tz b f000 0 eng
010 ## - LIBRARY OF CONGRESS CONTROL NUMBER
LC control number 2001313270
020 ## - INTERNATIONAL STANDARD BOOK NUMBER
Canceled/invalid ISBN 998758004
035 ## - SYSTEM CONTROL NUMBER
System control number (DLC) 2001313270
040 ## - CATALOGING SOURCE
Original cataloging agency DLC
Transcribing agency HU
Modifying agency DLC
042 ## - AUTHENTICATION CODE
Authentication code lcode
043 ## - GEOGRAPHIC AREA CODE
Geographic area code f-tz---
050 00 - LIBRARY OF CONGRESS CALL NUMBER
Classification number SD531.T3
Item number B79 2000
082 00 - DEWEY DECIMAL CLASSIFICATION NUMBER
Classification number 674/.14/09678 BRY 1999
Edition number 21
100 1# - MAIN ENTRY--PERSONAL NAME
Personal name Bryce, J. M.
9 (RLIN) 32037
245 14 - TITLE STATEMENT
Title The commercial timbers of Tanzania /
Statement of responsibility, etc. by J.M. Bryce ; revised by A.W. Chihongo.
250 ## - EDITION STATEMENT
Edition statement 2nd ed.
260 ## - PUBLICATION, DISTRIBUTION, ETC.
Place of publication, distribution, etc. Morogoro, Tanzania :
Name of publisher, distributor, etc. Taasisi ya Utafiti wa Misitu Tanzania,
Date of publication, distribution, etc. 2000.
300 ## - PHYSICAL DESCRIPTION
Extent 293 p. ;
Dimensions 20 cm.
500 ## - GENERAL NOTE
General note "Morogoro, 1999."
504 ## - BIBLIOGRAPHY, ETC. NOTE
Bibliography, etc. note Includes bibliographical references (p. 269-274).
650 #0 - SUBJECT ADDED ENTRY--TOPICAL TERM
Topical term or geographic name entry element Timber
Geographic subdivision Tanzania.
9 (RLIN) 32038
650 #0 - SUBJECT ADDED ENTRY--TOPICAL TERM
Topical term or geographic name entry element Wood
Geographic subdivision Tanzania.
9 (RLIN) 32039
700 1# - ADDED ENTRY--PERSONAL NAME
Personal name Chihongo, A. W.
9 (RLIN) 32040
710 2# - ADDED ENTRY--CORPORATE NAME
Corporate name or jurisdiction name as entry element Taasisi ya Utafiti wa Misitu Tanzania.
9 (RLIN) 32041
906 ## - LOCAL DATA ELEMENT F, LDF (RLIN)
a 7
b cbc
c origode
d 3
e ncip
f 20
g y-gencatlg
942 ## - ADDED ENTRY ELEMENTS (KOHA)
Source of classification or shelving scheme Dewey Decimal Classification
Koha item type Books like text book referance book
Suppress in OPAC No
Holdings
Withdrawn status Lost status Source of classification or shelving scheme Damaged status Not for loan Collection code Home library Current library Shelving location Date acquired Total Checkouts Full call number Barcode Date last seen Copy number Price effective from Koha item type
    Dewey Decimal Classification     Reference Wondo Genet Library Wondo Genet Library General Stacks 03/04/2022   674/.14/09678 BRY 1999 WGCFNRL00011675 03/04/2022 1 03/04/2022 Books like text book referance book
    Dewey Decimal Classification     Reference Wondo Genet Library Wondo Genet Library General Stacks 03/04/2022   674/.14/09678 BRY 1999 WGCFNRL00011676 03/04/2022 2 03/04/2022 Books like text book referance book